000
00297nam a22001337a 4500
008
210302b ||||| |||| 00| 0 eng d
020
_a
9780062476340
041
_a
eng
080
_a
618
100
_a
10
101
_a
GJIN
245
_a
The Adrenal Thyroid Revolution
_c
Romm,A
942
_2
udc
_c
BK
999
_c
55481
_d
55481